José Menandro Bastidas España Compositores nariñenses de la zona andina. Pasto, 2013, Editorial Universidad de Nariño : [könyvismertetés] /

Elmentve itt :
Bibliográfiai részletek
Szerző: Tobo Mendivelso Lyda Aleydy
További közreműködők: Bastidas España José Menandro
Dokumentumtípus: Cikk
Megjelent: Belvedere Meridionale Szeged 2014
Sorozat:Belvedere Meridionale 26 No. 2
Kulcsszavak:Zene - Kolumbia - könyvismertetés
Tárgyszavak:
mtmt:http://dx.doi.org/10.14232/belv.2014.2.13
Online Access:http://acta.bibl.u-szeged.hu/34413
LEADER 01005nab a2200217 i 4500
001 acta34413
005 20250704135531.0
008 161017s2014 hu o 000 spa d
024 7 |a http://dx.doi.org/10.14232/belv.2014.2.13  |2 doi 
040 |a SZTE Egyetemi Kiadványok Repozitórium  |b hun 
041 |a spa 
100 2 |a Tobo Mendivelso Lyda Aleydy 
245 1 0 |a José Menandro Bastidas España  |h [elektronikus dokumentum] :  |b Compositores nariñenses de la zona andina. Pasto, 2013, Editorial Universidad de Nariño : [könyvismertetés] /  |c  Tobo Mendivelso Lyda Aleydy 
260 |a Belvedere Meridionale  |b Szeged  |c 2014 
300 |a 129-130 
490 0 |a Belvedere Meridionale  |v 26 No. 2 
650 4 |a Bölcsészettudományok 
650 4 |a Művészetek (művészetek, művészettörténet, előadóművészetek, zene) 
695 |a Zene - Kolumbia - könyvismertetés 
700 0 2 |a Bastidas España José Menandro 
856 4 0 |u http://acta.bibl.u-szeged.hu/34413/1/belvedere_2014_002_129-130.pdf  |z Dokumentum-elérés